Statistics for Sit Still Look Pretty - All Lyrics - Daya

Click here to take the quiz!

General Stats

  • This quiz has been taken 38 times
  • The average score is 372 of 498

Answer Stats

Answer% Correct
a
100%
be
100%
be,
100%
I
100%
to
100%
You
100%
But
95%
but
95%
But,
95%
do
95%
don't
95%
look
95%
look,
95%
pretty
95%
sit
95%
still
95%
still.
95%
still,
95%
girl
90%
gonna
90%
And
86%
and
86%
I'm
86%
the
86%
The
86%
wanna
86%
your
86%
like
81%
no
81%
no,
81%
No,
81%
That
81%
that
81%
what?
81%
what
81%
world
81%
been
76%
he
76%
know
76%
me
76%
on
76%
This
76%
this
76%
up
76%
up,
76%
you've
76%
'cause
71%
'Cause
71%
get
71%
her
71%
in
71%
rule
71%
told
71%
right
67%
Right
67%
you're
67%
never
62%
Oh,
62%
then
62%
toy
62%
treat
62%
Who's
62%
here's
57%
need
57%
trophy
57%
boy
52%
could
52%
Could
52%
dress
52%
living
52%
picket
52%
play
52%
Queen
52%
thing
52%
Yeah,
52%
5
48%
9
48%
Barbie
48%
Dream
48%
dream
48%
fences
48%
King
48%
love
48%
of
48%
they
48%
because
43%
diamond
43%
make
43%
playing
43%
puppet
43%
string
43%
that's
43%
where
43%
wives
43%
dumb
38%
expensive
38%
for
38%
guess
38%
not
38%
rings
38%
wake
38%
girls
33%
it
33%
men
33%
Mr.
33%
nice,
33%
off
33%
only
33%
other
33%
say
33%
She
33%
Snow
33%
solo
33%
things,
33%
wear
33%
7
29%
chores
29%
did
29%
fly
29%
Had
29%
hurts
29%
night
29%
one
29%
Pretending
29%
take
29%
White
29%
would
29%
control
24%
lady's
24%
life
24%
rather
24%
won't
24%
call
19%
give
19%
HBIC
19%
some
19%
Sure
19%
Sure,
19%
boy's
14%
captivity
14%
free's
14%
sugar
14%
sweet
14%
vanilla
14%
might
10%

Score Distribution

Percentile by Number Answered

Percent of People with Each Score

Your Score History

You have not taken this quiz